000
00488nam a2200169Ia 4500
008
100122s9999 xx 000 0 und d
082
_b
50342
_a
823
100
_a
इनामदार ना सं
245
_a
राऊ
260
_b
कॉटिनेंटल प्रकाशन
_c
1994
300
_a
417
520
_a
थोरले बाजीराव
620
_a
थोरले बाजीराव
630
_a
राऊ
730
_a
राऊ
942
_c
BOOK
999
_c
428085
_d
428082